00383nam a2200145Ia 4500001000800000008004100008010001100049264000900060590001900069650003300088700004600121905003400167942001700201999001900218dia_C/e220117s9999 xx 000 0 und d a171811 cIS Q aQD101 A97 1968 aAnálisis químico9145564 aI. Vicente Pérez, Santiago, tr.9150403 aANALISIS QUiMICO CUANTITATIVO c545 A97 1968 c171811d171811